Periodic Table of Oceania Quiz Stats

 Plays Quiz Updated May 11, 2018

Score 0/14 Timer 03:00
3 Plays Today
% Correct
Fiji
96.4%
Australia
96.1%
New Zealand
95.7%
Tuvalu
88.5%
Vanuatu
88.1%
Tonga
87.4%
Samoa
86.6%
% Correct
Kiribati
86.1%
Micronesia
83.5%
Nauru
82%
Papua
New Guinea
81.4%
Solomon
Islands
79.3%
Palau
77.8%
Marshall
Islands
76.4%

You're not logged in!

Compare scores with friends on all Sporcle quizzes.
OR
Log In

Sporcle TV

Today on Sporcle TV


Watch our educational content, quiz creation guides, and fun videos on Sporcle TV.

Show Comments

Extras

Top Quizzes Today


Score Distribution

Your Account Isn't Verified!

In order to create a playlist on Sporcle, you need to verify the email address you used during registration. Go to your Sporcle Settings to finish the process.

Report this User

Report this user for behavior that violates our Community Guidelines.

Details: